[Event "II CIUDAD DE ALICANTE"]
[Site "Alicante (SPAIN)"]
[Date "2010.01.03"]
[Round "7.8"]
[White "Varga, Mariano"]
[Black "Cucarella Montell, Angels"]
[Result "1-0"]
[WhiteElo "2214"]
[BlackElo "1925"]
[PlyCount "51"]
[EventDate "2009.12.27"]

1. d4 d5 2. Bg5 Nd7 3. e3 Ngf6 4. Nf3 e6 5. c4 Be7 6. Nc3 O-O 7. cxd5 exd5 8.
Bd3 Re8 9. O-O c6 10. Bxf6 Nxf6 11. Ne5 Bd6 12. f4 Qe7 13. Rc1 Bd7 14. Kh1 Rac8
15. Bb1 b5 16. Qe2 a5 17. Rg1 Kh8 18. g4 Bxe5 19. dxe5 Nxg4 20. Rxg4 Bxg4 21.
Qxg4 b4 22. Ne2 c5 23. Nd4 Rg8 24. Nf5 Qf8 25. Nd6 Rc7 26. Bxh7 1-0

[Event "II CIUDAD DE ALICANTE"]
[Site "Alicante (SPAIN)"]
[Date "2010.01.03"]
[Round "7.9"]
[White "Marti Blanes, Jose Manuel"]
[Black "Bendayan Claros, Aaron"]
[Result "0-1"]
[WhiteElo "1873"]
[BlackElo "2176"]
[PlyCount "64"]
[EventDate "2009.12.27"]

1. c4 e6 2. Nc3 d5 3. cxd5 exd5 4. d4 c6 5. Nf3 Bd6 6. g3 Nd7 7. Bf4 Qc7 8. e3
Ndf6 9. Bd3 Ne7 10. Qc2 Bh3 11. Rg1 Ng6 12. Bf5 Bxf5 13. Qxf5 Ne7 14. Qd3 h6
15. h4 O-O-O 16. O-O-O Kb8 17. Kb1 Nc8 18. Rc1 Qe7 19. Na4 Ne4 20. Rc2 g5 21.
Bxd6+ Ncxd6 22. h5 Nc4 23. Ne5 Nxe5 24. dxe5 Qxe5 25. Qb3 Ka8 26. f3 Nd6 27. f4
Qe7 28. Qa3 Rhe8 29. b3 Qxe3 30. Rgc1 Nb5 31. Qb4 Qe4 32. Qc5 Nd4 0-1

[Event "II CIUDAD DE ALICANTE"]
[Site "Alicante (SPAIN)"]
[Date "2010.01.03"]
[Round "7.10"]
[White "Del Valle Domenech, Rafael"]
[Black "Diez Machin, Vicente"]
[Result "1/2-1/2"]
[WhiteElo "2129"]
[BlackElo "2019"]
[PlyCount "53"]
[EventDate "2009.12.27"]

1. d4 d5 2. c4 e6 3. Nc3 Nf6 4. Bg5 c6 5. e3 Nbd7 6. cxd5 exd5 7. Qc2 Be7 8.
Bd3 O-O 9. Bh4 Re8 10. f3 Nf8 11. Nge2 Ng6 12. Bf2 c5 13. O-O Be6 14. Kh1 Rc8
15. Bg1 a6 16. Rae1 b5 17. dxc5 Bxc5 18. Bxg6 hxg6 19. Qd2 Qa5 20. a3 Qc7 21.
Nf4 Rcd8 22. Rc1 Qa7 23. Rfd1 Bb6 24. Nce2 Bc8 25. Nd4 Bb7 26. Nfe2 Rc8 27. Qd3
1/2-1/2

[Event "II CIUDAD DE ALICANTE"]
[Site "Alicante (SPAIN)"]
[Date "2010.01.04"]
[Round "8.1"]
[White "Del Valle Cirera, Adria"]
[Black "Cano Sanchez, Josue"]
[Result "1/2-1/2"]
[WhiteElo "2236"]
[BlackElo "2314"]
[PlyCount "53"]
[EventDate "2009.12.27"]

1. e4 d6 2. d4 Nf6 3. Nc3 e5 4. Nf3 Nbd7 5. Bc4 Be7 6. O-O O-O 7. h3 c6 8. a4
a5 9. Be3 exd4 10. Nxd4 Nb6 11. Bb3 d5 12. exd5 Nbxd5 13. Nxd5 Nxd5 14. Qf3
Nxe3 15. fxe3 Bf6 16. Rad1 Qe7 17. c3 Bd7 18. Bc2 Bg5 19. e4 Rad8 20. Nf5 Bxf5
21. Qxf5 Be3+ 22. Kh1 Bb6 23. Rxd8 Rxd8 24. Bb3 Rf8 25. Rd1 Rd8 26. Rf1 Rf8 27.
Rd1 1/2-1/2

[Event "II CIUDAD DE ALICANTE"]
[Site "Alicante (SPAIN)"]
[Date "2010.01.04"]
[Round "8.2"]
[White "Campos Gambuti, Luis Maria"]
[Black "Granero Roca, Antonio"]
[Result "1/2-1/2"]
[WhiteElo "2438"]
[BlackElo "2450"]
[PlyCount "51"]
[EventDate "2009.12.27"]

1. e4 c6 2. d4 d5 3. Nd2 dxe4 4. Nxe4 Bf5 5. Ng3 Bg6 6. h4 h6 7. Nf3 Nd7 8. h5
Bh7 9. Bd3 Bxd3 10. Qxd3 Ngf6 11. Bf4 Qa5+ 12. Bd2 Qc7 13. O-O-O e6 14. Qe2 Bd6
15. Nf5 O-O-O 16. Nxd6+ Qxd6 17. Ne5 Rhf8 18. Bf4 Qd5 19. Kb1 Qe4 20. Qxe4 Nxe4
21. Nd3 Nb6 22. f3 Nf6 23. Ne5 Nfd7 24. Nd3 Nf6 25. Ne5 Nfd7 26. Nd3 1/2-1/2

[Event "II CIUDAD DE ALICANTE"]
[Site "Alicante (SPAIN)"]
[Date "2010.01.04"]
[Round "8.3"]
[White "Suba, Mihai"]
[Black "Jordan Martinez, Miguel"]
[Result "1-0"]
[WhiteElo "2471"]
[BlackElo "2077"]
[PlyCount "55"]
[EventDate "2009.12.27"]

1. Nf3 d5 2. c4 c6 3. e3 Nf6 4. d4 e6 5. Bd3 Nbd7 6. Nbd2 Bd6 7. O-O O-O 8. e4
dxe4 9. Nxe4 Nxe4 10. Bxe4 h6 11. Bc2 Re8 12. Qd3 Nf8 13. Rd1 Qf6 14. Bd2 b6
15. Bc3 Qe7 16. a3 a5 17. Qe4 Bb7 18. Qg4 f5 19. Qh5 Kh7 20. Re1 g6 21. Qh3 Bf4
22. g3 Bg5 23. g4 f4 24. Nxg5+ Qxg5 25. Re5 Qe7 26. Rd1 Qg7 27. Rh5 Nd7 28. g5
1-0

[Event "II CIUDAD DE ALICANTE"]
[Site "Alicante (SPAIN)"]
[Date "2010.01.04"]
[Round "8.4"]
[White "Vicente Torrecillas, Fco Javier"]
[Black "Varga, Mariano"]
[Result "0-1"]
[WhiteElo "2084"]
[BlackElo "2214"]
[PlyCount "90"]
[EventDate "2009.12.27"]

1. d4 d5 2. c4 e6 3. Nc3 c5 4. cxd5 exd5 5. Nf3 Nc6 6. e3 Nf6 7. h3 c4 8. Be2
Bb4 9. Bd2 O-O 10. Qc2 Bxc3 11. Bxc3 b5 12. O-O a5 13. Rfd1 b4 14. Be1 Re8 15.
Ne5 Qb6 16. f4 Bb7 17. Bf3 Rac8 18. Bh4 Nxe5 19. fxe5 Ne4 20. Rf1 Qh6 21. Bxe4
dxe4 22. Qf2 Bd5 23. Qg3 c3 24. bxc3 Rxc3 25. Rf4 a4 26. Kh2 Re6 27. Bf6 Kf8
28. Rh4 Qg6 29. Rg4 gxf6 30. Rxg6 hxg6 31. exf6 Rxf6 32. Qb8+ Kg7 33. Qe5 Bc4
34. Qxe4 Rf5 35. Qe7 b3 36. axb3 axb3 37. e4 b2 38. Rb1 Rf2 39. d5 Rcc2 40.
Qe5+ Kh7 41. Qg3 Bf1 42. Qh4+ Kg7 43. e5 Bxg2 44. Qd4 Bxd5+ 45. Kg3 Rg2+ 0-1

[Event "II CIUDAD DE ALICANTE"]
[Site "Alicante (SPAIN)"]
[Date "2010.01.04"]
[Round "8.5"]
[White "Bendayan Claros, Aaron"]
[Black "Aledo Lopez, Angel"]
[Result "1/2-1/2"]
[WhiteElo "2176"]
[BlackElo "1988"]
[PlyCount "144"]
[EventDate "2009.12.27"]

1. d4 Nf6 2. c4 e6 3. Nf3 b6 4. a3 Bb7 5. Nc3 d5 6. cxd5 Nxd5 7. Qc2 Nxc3 8.
bxc3 Bxf3 9. gxf3 Qf6 10. Bg2 c6 11. f4 Qg6 12. Be4 f5 13. Bf3 Be7 14. e3 O-O
15. Bb2 Rc8 16. Ke2 Nd7 17. Rac1 Rc7 18. Rhg1 Qf7 19. c4 Nf6 20. Qb3 Rd8 21.
Rgd1 c5 22. d5 Ne4 23. Qd3 exd5 24. cxd5 Rcd7 25. Bxe4 fxe4 26. Qxe4 Rxd5 27.
Rxd5 Rxd5 28. Qf3 Bf8 29. Rd1 Rxd1 30. Kxd1 Qb3+ 31. Kc1 Qc4+ 32. Kd2 b5 33.
Qe2 Qb3 34. Kc1 b4 35. Qc2 Qa2 36. axb4 cxb4 37. Bd4 Qf7 38. Kb2 Qb7 39. Qc4+
Kh8 40. f5 a5 41. f6 Qd7 42. Qa6 Qf7 43. fxg7+ Bxg7 44. Qa8+ Qg8 45. Qxa5 Bxd4+
46. exd4 Qc4 47. Qe5+ Kg8 48. Qe3 Kg7 49. Qd2 b3 50. d5 Qa4 51. Qc3+ Kf7 52.
Qxb3 Qd4+ 53. Ka3 Qxf2 54. d6+ Kf6 55. Qd5 Qa7+ 56. Kb4 Qb6+ 57. Kc4 Qa6+ 58.
Kd4 Qa1+ 59. Ke4 Qh1+ 60. Kd4 Qa1+ 61. Kc4 Qa2+ 62. Kc5 Qa5+ 63. Kc6 Qa8+ 64.
Kc5 Qa5+ 65. Kc4 Qa4+ 66. Kc3 Qa1+ 67. Kd2 (67. Kb4) 67... Qb2+ 68. Ke3 Qc1+
69. Kf2 Qf4+ 70. Kg1 Qe3+ 71. Kg2 Qe2+ 72. Kg1 Qe3+ 1/2-1/2

[Event "II CIUDAD DE ALICANTE"]
[Site "Alicante (SPAIN)"]
[Date "2010.01.04"]
[Round "8.7"]
[White "Grigoriev, Ivan"]
[Black "O`neill, Y Daneiko Jose Anto"]
[Result "1/2-1/2"]
[WhiteElo "2191"]
[BlackElo "2084"]
[PlyCount "57"]
[EventDate "2009.12.27"]

1. g3 d5 2. c4 c6 3. Nf3 Nf6 4. Bg2 Bg4 5. O-O Nbd7 6. Nc3 e6 7. d3 Be7 8. a3
a5 9. Qc2 O-O 10. b3 Qc7 11. h3 Bh5 12. Bb2 Rfd8 13. Rfc1 Rac8 14. Na4 c5 15.
cxd5 exd5 16. Nd4 Bg6 17. Nb5 Qb8 18. Qd2 b6 19. Nac3 Nf8 20. e3 Ne6 21. Ne2 c4
22. Bxf6 Bxf6 23. d4 cxb3 24. Rxc8 Qxc8 25. Qb2 Qc2 26. Qxc2 Bxc2 27. Nec3 b2
28. Re1 Be7 29. Nb1 1/2-1/2

[Event "II CIUDAD DE ALICANTE"]
[Site "Alicante (SPAIN)"]
[Date "2010.01.04"]
[Round "8.8"]
[White "Serrano Marhuenda, Salvador"]
[Black "Lanza, Luciano"]
[Result "1/2-1/2"]
[WhiteElo "2085"]
[BlackElo "2178"]
[PlyCount "92"]
[EventDate "2009.12.27"]

1. e4 c5 2. Nc3 Nc6 3. g3 g6 4. Bg2 Bg7 5. d3 e6 6. Nge2 Nge7 7. O-O O-O 8. Bg5
h6 9. Be3 Nd4 10. Qd2 Kh7 11. f4 d6 12. g4 f5 13. gxf5 exf5 14. Ng3 Rb8 15. a4
Bd7 16. Ra3 Bc6 17. Nd5 Bxd5 18. exd5 b5 19. axb5 Nxb5 20. Ra2 Re8 21. Bf2 Nc8
22. c3 Rb7 23. Raa1 Nb6 24. Rfe1 Rbe7 25. Nf1 Rxe1 26. Rxe1 Nc7 27. Ne3 Qf6 28.
h4 h5 29. Bg3 a5 30. Nc4 Rxe1+ 31. Qxe1 Nxc4 32. dxc4 Qd8 33. Bf3 Bf6 34. Bd1
Qd7 35. Bc2 Bd8 36. Qd1 Qe8 37. Qe1 Kg7 38. Qxe8 Nxe8 39. Kg2 Nf6 40. Kf3 Kf7
41. Be1 Ke7 42. Ba4 Nd7 43. Ke3 Nf6 44. Bc2 Kd7 45. Ba4+ Ke7 46. Kf3 Nd7
1/2-1/2

[Event "II CIUDAD DE ALICANTE"]
[Site "Alicante (SPAIN)"]
[Date "2010.01.04"]
[Round "8.9"]
[White "Alderete Rodriguez, Rigoberto"]
[Black "Neagos, Raul-Alexandru"]
[Result "0-1"]
[WhiteElo "2083"]
[BlackElo "2095"]
[PlyCount "96"]
[EventDate "2009.12.27"]

1. e4 d5 2. exd5 Qxd5 3. Nc3 Qd6 4. d4 Nf6 5. Nb5 Qd8 6. c4 c6 7. Nc3 g6 8. Be2
Bg7 9. h3 O-O 10. Nf3 a6 11. a4 a5 12. O-O Na6 13. Bf4 h6 14. Qd2 g5 15. Be5
Nb4 16. g4 Be6 17. Rad1 Rc8 18. Ne1 b5 19. axb5 cxb5 20. c5 Bb3 21. Nxb5 Bxd1
22. Qxd1 Nfd5 23. Nd3 Bxe5 24. dxe5 Nf4 25. Nxf4 Qxd1 26. Rxd1 gxf4 27. Rc1 Nc6
28. e6 fxe6 29. Bc4 Rf6 30. Re1 Kf7 31. Re4 Nd8 32. Re5 Nb7 33. c6 Rxc6 34. b3
Rc5 35. Rxc5 Nxc5 36. f3 Kg6 37. h4 e5 38. Kf1 Kg7 39. Nc3 Rb6 40. Ke1 Nxb3 41.
Nd5 Rb7 42. Nxe7 Rxe7 43. Bxb3 Rb7 44. Bd5 Rb2 45. Kd1 a4 46. Kc1 a3 47. h5 Kf6
48. Be4 Re2 0-1

[Event "II CIUDAD DE ALICANTE"]
[Site "Alicante (SPAIN)"]
[Date "2010.01.04"]
[Round "8.10"]
[White "Marquez Ortiz De Zarate, Albert"]
[Black "Lacrosse, Marc"]
[Result "1/2-1/2"]
[WhiteElo "2008"]
[BlackElo "2228"]
[PlyCount "61"]
[EventDate "2009.12.27"]

1. e4 e5 2. Nf3 Nc6 3. d4 exd4 4. Nxd4 Bc5 5. Nxc6 Qf6 6. Qf3 bxc6 7. Nd2 d6 8.
Nb3 Bb6 9. Bd2 Be6 10. Bc3 Qxf3 11. gxf3 f6 12. Rg1 Kf7 13. Nd4 Bxd4 14. Bxd4
Ne7 15. f4 g6 16. O-O-O Rhe8 17. Rg3 f5 18. e5 Nd5 19. Rf3 c5 20. Be3 Rab8 21.
c4 Nxe3 22. Rxe3 Ke7 23. Bg2 Rb4 24. b3 Rb6 25. Bd5 Kd7 26. Rh3 Bxd5 27. Rxh7+
Re7 28. Rxe7+ Kxe7 29. cxd5 Rb4 30. Rg1 Rxf4 31. exd6+ 1/2-1/2

[Event "II CIUDAD DE ALICANTE"]
[Site "Alicante (SPAIN)"]
[Date "2010.01.05"]
[Round "9.1"]
[White "Cano Sanchez, Josue"]
[Black "Suba, Mihai"]
[Result "1-0"]
[WhiteElo "2314"]
[BlackElo "2471"]
[PlyCount "53"]
[EventDate "2009.12.27"]

1. d4 Nf6 2. c4 e6 3. Nf3 Bb4+ 4. Bd2 a5 5. g3 d6 6. Bg2 Nbd7 7. O-O e5 8. e3
Bxd2 9. Qxd2 O-O 10. Nc3 h6 11. Qc2 Re8 12. a3 exd4 13. exd4 Nf8 14. Rfe1 Rxe1+
15. Rxe1 c6 16. Qb3 Qc7 17. h3 Bd7 18. Kh2 Ne6 19. Qd1 Re8 20. Re3 Qb6 21. Na4
Qa7 22. Nc3 b5 23. d5 cxd5 24. Nxb5 Qc5 25. Re2 dxc4 26. Nxd6 Rf8 27. Ne5 1-0

[Event "II CIUDAD DE ALICANTE"]
[Site "Alicante (SPAIN)"]
[Date "2010.01.05"]
[Round "9.2"]
[White "Granero Roca, Antonio"]
[Black "Del Valle Cirera, Adria"]
[Result "1-0"]
[WhiteElo "2450"]
[BlackElo "2236"]
[PlyCount "77"]
[EventDate "2009.12.27"]

1. Nf3 d5 2. c4 e6 3. d4 Nf6 4. g3 c6 5. Bg2 Nbd7 6. Nbd2 Bd6 7. Qc2 Qe7 8. O-O
O-O 9. Re1 e5 10. cxd5 cxd5 11. e4 dxe4 12. Nxe4 Nxe4 13. Qxe4 Nf6 14. Bg5 Nxe4
15. Bxe7 Bxe7 16. Rxe4 Be6 17. Nxe5 Rfd8 18. Nxf7 Kxf7 19. Rae1 Bb4 20. Rf4+
Ke7 21. Re2 Rac8 22. Bh3 Rc1+ 23. Kg2 Re1 24. Rxe1 Bxe1 25. Re4 Ba5 26. Bxe6
Kd6 27. d5 Re8 28. Rf4 Re7 29. Rf8 Bc7 30. f4 Kc5 31. Kf3 Kd4 32. g4 h6 33. h4
Kd3 34. f5 Kd4 35. g5 hxg5 36. hxg5 Be5 37. Rc8 Rc7 38. Rxc7 Bxc7 39. f6 1-0

[Event "II CIUDAD DE ALICANTE"]
[Site "Alicante (SPAIN)"]
[Date "2010.01.05"]
[Round "9.3"]
[White "Varga, Mariano"]
[Black "Campos Gambuti, Luis Maria"]
[Result "0-1"]
[WhiteElo "2214"]
[BlackElo "2438"]
[PlyCount "30"]
[EventDate "2009.12.27"]

1. e4 d6 2. d4 Nf6 3. Nc3 e5 4. dxe5 dxe5 5. Qxd8+ Kxd8 6. Bg5 Be6 7. O-O-O+
Kc8 8. f4 exf4 9. e5 h6 10. Bxf4 Ng4 11. Rd2 Bc5 12. Ne4 Bxg1 13. Rxg1 Nd7 14.
h3 Ngxe5 15. g4 Nf3 0-1

[Event "II CIUDAD DE ALICANTE"]
[Site "Alicante (SPAIN)"]
[Date "2010.01.05"]
[Round "9.4"]
[White "Neagos, Raul-Alexandru"]
[Black "Scharrer, Patrick"]
[Result "1/2-1/2"]
[WhiteElo "2095"]
[BlackElo "2300"]
[PlyCount "41"]
[EventDate "2009.12.27"]

1. Nf3 g6 2. c4 Bg7 3. Nc3 d6 4. g3 e5 5. Bg2 Nc6 6. d3 f5 7. Bg5 Qd7 8. O-O h6
9. Bd2 Nf6 10. Ne1 O-O 11. Nd5 Qf7 12. Nc2 Nd8 13. b4 Nh5 14. f4 c6 15. Nc3
exf4 16. gxf4 Ne6 17. e3 g5 18. d4 gxf4 19. d5 cxd5 20. cxd5 Nc7 21. exf4 {
Irreproducible, tablas en la jugada 70} 1/2-1/2

[Event "II CIUDAD DE ALICANTE"]
[Site "Alicante (SPAIN)"]
[Date "2010.01.05"]
[Round "9.5"]
[White "Jordan Martinez, Miguel"]
[Black "Bendayan Claros, Aaron"]
[Result "1/2-1/2"]
[WhiteElo "2077"]
[BlackElo "2176"]
[PlyCount "78"]
[EventDate "2009.12.27"]

1. e4 c6 2. d4 d5 3. Nc3 dxe4 4. Nxe4 Nd7 5. c3 Ngf6 6. Nxf6+ Nxf6 7. Bd3 e6 8.
Nf3 c5 9. Ne5 Bd6 10. Bb5+ Ke7 11. f4 cxd4 12. Qxd4 Qc7 13. Be3 a6 14. Be2 Nd5
15. Bf3 Nxe3 16. Qxe3 Bc5 17. Qe4 f5 18. Qc2 Rd8 19. Rd1 Bd7 20. Nxd7 Rxd7 21.
Rxd7+ Kxd7 22. g3 Re8 23. Kf1 e5 24. Qd3+ Ke6 25. fxe5 Qxe5 26. Kg2 Kf6 27. Rf1
g6 28. a4 Re7 29. Rd1 g5 30. Rf1 Kg7 31. Bd1 f4 32. gxf4 gxf4 33. Qf3 Be3 34.
Qh5 Qxh5 35. Bxh5 Re5 36. Bg4 b5 37. Rd1 bxa4 38. Bd7 a3 39. bxa3 Rc5 1/2-1/2

[Event "II CIUDAD DE ALICANTE"]
[Site "Alicante (SPAIN)"]
[Date "2010.01.05"]
[Round "9.9"]
[White "Lanza, Luciano"]
[Black "Vicente Torrecillas, Fco Javier"]
[Result "1-0"]
[WhiteElo "2178"]
[BlackElo "2084"]
[PlyCount "63"]
[EventDate "2009.12.27"]

1. e4 d6 2. d4 Nf6 3. Nc3 g6 4. Be3 c6 5. f3 Qb6 6. Qd2 Qxb2 7. Rb1 Qa3 8. Bd3
Nbd7 9. Nge2 Bg7 10. Bh6 O-O 11. Bxg7 Kxg7 12. h4 Qa5 13. h5 Nxh5 14. g4 Nhf6
15. Qh6+ Kg8 16. g5 e5 17. gxf6 Nxf6 18. d5 Re8 19. Kd2 Qc7 20. Rbg1 a6 21. Ng3
Qe7 22. Nh5 Nxh5 23. Rxh5 Qf6 24. Qxh7+ Kf8 25. Qh8+ Ke7 26. Qxf6+ Kxf6 27. Rh7
c5 28. a4 b6 29. Rb1 Rb8 30. Rb2 Re7 31. Rh8 Rc7 32. Bxa6 1-0

[Event "II CIUDAD DE ALICANTE"]
[Site "Alicante (SPAIN)"]
[Date "2010.01.05"]
[Round "9.15"]
[White "Laurentiu, Burlacu"]
[Black "Savignoni, Eric"]
[Result "1-0"]
[WhiteElo "1968"]
[BlackElo "1865"]
[PlyCount "35"]
[EventDate "2009.12.27"]

1. e4 c5 2. Nf3 e6 3. Bc4 a6 4. a4 Qc7 5. O-O d6 6. d3 Nf6 7. c3 Be7 8. Bf4 Nc6
9. Nbd2 Ne5 10. Nxe5 dxe5 11. Be3 b6 12. Qe2 Bb7 13. f4 exf4 14. Bxf4 Bd6 15.
e5 Nd5 16. Bxd5 Bxd5 17. exd6 Qd7 18. Ne4 1-0